The Beatles-Do You Want To Know A Secret (Lyrics) - Statistics

General Stats
  • This quiz has been taken 163 times
  • The average score is 125 of 144
Answer Stats
Lyrics % Correct
A
100%
Do
100%
I
100%
Know
100%
Secret
100%
To
100%
Want
100%
You
100%
Not
96%
Tell
96%
Promise
95%
Listen
93%
Love
93%
In
92%
The
92%
Your
91%
Hear
89%
Me
89%
Say
88%
Let
87%
Ear
86%
Whisper
86%
Closer
85%
Words
85%
I'm
84%
With
83%
How
75%
Much
75%
We
74%
Care
73%
Never
73%
Really
73%
You'll
73%
Oh
71%
For
70%
Long
68%
Just
67%
Or
67%
Two
66%
I've
65%
Nobody
65%
Knows
63%
Week
63%
Whoa
58%
Known
55%
Ooh-ooh-ooh-ooh
52%
Ooh-ooh-ooh-ooh-ooh
52%
No matching quizzes found
Score Distribution
Percent of People with Each Score
Percentile by Number Answered
Your Score History
You have not taken this quiz